| 000 | ncm a22 a 4500 | ||
|---|---|---|---|
| 999 |
_c353548 _d353548 |
||
| 003 | BLK | ||
| 005 | 20200424161112.0 | ||
| 008 | 200323b bu ||||| |||| 00| 0 bu d | ||
| 040 | _aBLK | ||
| 041 |
_aRUS _cRUS |
||
| 080 |
_aФлейта _b788.5 |
||
| 080 |
_aКонцерт за флейта и оркестър _b785.6:788.5 _z785.6:788.5 |
||
| 100 | 1 |
_947870 _aВивальди, Антонио _eпърви автор |
|
| 139 |
_aВивальди, Антонио _bВ 55 |
||
| 245 |
_aКонцерт _bРе мажор, соль мажор _cАнтонио Вивальди |
||
| 257 | _aRUS | ||
| 260 |
_aЛенинградское отделение _bМузыка _c1959 |
||
| 300 |
_a39 с. _c29 см |
||
| 380 | _a7 | ||
| 650 | 0 |
_9353950 _aФлейта - концерти, концертини |
|
| 653 | 7 |
_9196608 _aсимфонични оркестри |
|
| 700 |
_aЗверев, В. _eред. _9404564 |
||
| 852 |
_a М II 8478 _bИП _c785.1/ В 55 А |
||
| 942 |
_cNOT _n0 _s1 |
||
| 944 |
_c2020-04-10 _kАтанаска Минкова |
||
| 999 | _d353548 | ||
| 999 | _d353548 | ||
| 999 | _d349292 | ||
| 999 | _d349292 | ||
| 999 | _d349292 | ||